Managerial accounting (Record no. 38457)
[ view plain ]
| 000 -LEADER | |
|---|---|
| fixed length control field | 00283nam a2200121Ia 4500 |
| 082 ## - DEWEY DECIMAL CLASSIFICATION NUMBER | |
| Classification number | 657.4 |
| Item number | GAR |
| 100 ## - MAIN ENTRY--AUTHOR NAME | |
| Personal name | Garrison, Ray H |
| 245 #0 - TITLE STATEMENT | |
| Title | Managerial accounting |
| 250 ## - EDITION STATEMENT | |
| Edition statement | Ed.3 |
| 260 ## - PUBLICATION, DISTRIBUTION, ETC. (IMPRINT) | |
| Place of publication | Texas |
| Name of publisher | Business |
| Year of publication | 1982 |
| 942 ## - ADDED ENTRY ELEMENTS (KOHA) | |
| Koha item type | Books |
| Withdrawn status | Lost status | Damaged status | Not for loan | Home library | Current library | Date acquired | Cost, normal purchase price | Full call number | Accession Number | Koha item type |
|---|---|---|---|---|---|---|---|---|---|---|
| RRII Library | RRII Library | 16/12/2021 | 26.95 | 657.4 GAR | 18814 | Books |